| 000 | 01030nam a2200121Ia 4500 | ||
|---|---|---|---|
| 008 | 220616s9999||||xx |||||||||||||| ||und|| | ||
| 245 | 0 | _aCrisis Management Beyond the Humanitarian-Development Nexus | |
| 546 | _aEnglish[eng] | ||
| 650 | _aBilateral agencies||Chigumi Kawaguchi||Conflict prevention||crisis management||crisis prevention||disaster management||Hiroshi Higashiura||Honduras||Hurricane Mitch||humanitarian||humantiarian development nexus||Indonesian Tsunami||Japan International Corporation Agency Research Institute||JICA-RI||Mikio Ishiwatari||NGOs||Oscar A. Gmez||Peacebuilding||Ryoji Tateyama||risk management||South Sudan||Syrian Civil War||Timor-Leste||Tomoaki Honda||Toshiya Hoshino||Typhoon Yolanda||Yasuhito Jibiki||Yuichi Ono||Yukako Sakabe Tanaka||Yukie Osa | ||
| 700 | _aHanatani, Atsushi||Gómez, Oscar A.||Kawaguchi, Chigumi | ||
| 856 | _uhttps://library.oapen.org/bitstream/20.500.12657/49726/1/9781351006811.pdf||https://library.oapen.org/bitstream/20.500.12657/49726/1/9781351006811.pdf | ||
| 942 | _cEB | ||
| 999 |
_c21137 _d21137 |
||